000 00325nam a2200133Ia 4500
003 GCL
008 140319s9999 xx 000 0 ara d
040 _aGCL /
_cGCL
082 0 4 _aد
_b050
100 1 _aمحمود عوض
245 1 0 _aشخصيات (اقرا 412 ) /
_cمحمود عوض
300 _a237
490 _aاقرأ
_v0
999 _c48751
_d48751